000 00510nam a2200157 a 4500
005 20140412111259.0
008 010131s19uu xx 00 eng d
020 _a971-121-028-2
050 _aFil 591.59
_bA454 1983
100 _aAlonzo, Robert
245 _aSino ako? hulaan ang tunog /
_cRobert Alonzo: illustrated by Albert E. Gamosm.
260 _aQuezon City MM :
_bAkla adarna,
_c1980.
300 _a1 v. (unpaged)
650 _aAnimal communication
_xRidles
_xI. Gamos, Albert E.,ill.
999 _c103302
_d103302